000 00806nam a2200253 a 4500
008
020 _a0201428814 (pbk.)
049 _aMAIN
090 0 _aQA76.5
_bBEE
100 1 _aBeekman, George.
245 1 0 _aComputer confluence :
_bexploring tomorrow's technology /
_cGeorge Beekman.
250 _a2nd ed.
260 _aMenlo Park, Calif. :
_bBenjamin/Cummings Pub.,
_cc1997.
300 _axxxii, 445 p. :
_bcol. ill. ;
_c28 cm. +
_e1 computer laser optical disc (4 3/4 in.)
500 _aIncludes index.
500 _aLibrary lacks accompanying CD-ROM.
650 0 _aComputers.
650 0 _aInformation technology.
907 _a.b1013296x
_b30-04-08
_c17-08-04
003
005 20230123133808.0
040 _cNUST
942 _cBOOKS
_kQA76.5
_mBEE
999 _c154775
_d154775